000 01182nam a2200301 a 4500
001 33403
003 BD-RjUL
005 20211209052012.0
008 140507r19661940enk b 001 0 eng d
035 _a(BD-RjUL)33494
040 _aDLC
_cDLC
_dDLC
_dBD-RjUL
_beng
041 1 _aengger
082 0 0 _a301
_219
_bMAM 1966
100 1 _aMannheim, Karl,
_d1893-1947.
_9141
245 1 0 _aMan and society in an age of reconstruction :
_bstudies in modern social structure /
_cby Karl Mannheim ; [translated from the German by Edward Shils] ; [revised and considerably enlarged by the author].
260 _aLondon :
_bRoutledge & Kegan Paul,
_c1940 [Reprinted 1966]
300 _axxii, 469 p. ;
_c23 cm.
500 _a"With a bibliographical guide to the study of modern society."
500 _a"Based on Mensch und Gesellschaft im Zeiltalter im des Umbaus, Leiden (Holland) 1935"--T.p. verso.
504 _aBibliography: p. 383-455. and Index
650 0 _aSocial history
_y20th century.
_916899
650 0 _aSociology.
_9101395
650 0 _aPlanning.
_9101396
650 0 _aSocial psychology.
_9101397
942 _2ddc
_cBK
999 _c33403
_d33403